Clannad. Complete first season /
Tortured by his past and pained by an uncertain future, Tomoya drifts through life with an almost overwhelming anger and emptiness. But when he meets the mysterious, beautiful, and shy Nagisa, his world seems to change. Drawn in by her gentle but lonely spirit, he begins to experience the joy life c...
| Uniform Title: | Clannad (Television program). |
|---|---|
| Corporate Authors: | , , |
| Other Authors: | , |
| Format: | Video Blu-ray Disc |
| Language: | English Japanese |
| Language Notes: | English or Japanese dialogue; English subtitles. |
| Published: |
[United States] :
Sentai Filmworks,
2011.
|
| Subjects: |
MARC
| Tag | First Indicator | Second Indicator | Subfields |
|---|---|---|---|
| LEADER | 00000cgm a2200000Ka 4500 | ||
| 001 | in00003442521 | ||
| 005 | 20151206092012.0 | ||
| 007 | vd csaizq | ||
| 008 | 120703s2011 xxu600 vaeng d | ||
| 020 | |a 9781616151805 | ||
| 020 | |a 1616151803 | ||
| 024 | 1 | |a 814131011718 | |
| 028 | 4 | 2 | |a SFB-CL500 |b Sentai Filmworks |
| 035 | |a (OCoLC)ocn798152743 | ||
| 035 | |a (OCoLC)798152743 | ||
| 037 | |b Midwest Tape |n http://www.midwesttapes.com | ||
| 040 | |a TEFMT |c TEFMT |d TEF |d GZD |d UtOrBLW | ||
| 041 | 1 | |a eng |a jpn |j eng |h eng | |
| 049 | |a TXAM | ||
| 050 | 1 | 4 | |a PN1992.77 |b .C53 2011 |
| 082 | 0 | 4 | |a 791.45/75 |2 23 |
| 090 | |a PN1992.77.C572 |b C53 2011 | ||
| 130 | 0 | |a Clannad (Television program). |n Season 1. | |
| 245 | 1 | 0 | |a Clannad. |n Complete first season / |c producers, Yoshihisa Nakayama[and others] ; director, Tatsuya Ishihara ; presented by Hikarisaka High School Drama Club, TBS. |
| 264 | 1 | |a [United States] : |b Sentai Filmworks, |c 2011. | |
| 300 | |a 3 videodiscs (600 min.) : |b sound, color ; |c 4 3/4 in. | ||
| 336 | |a two-dimensional moving image |b tdi |2 rdacontent | ||
| 337 | |a video |b v |2 rdamedia | ||
| 338 | |a videodisc |b vd |2 rdacarrier | ||
| 538 | |a Blu-ray disc, widescreen (16x9) presentation; DTS-HD Master Audio; requires Blu-ray player. | ||
| 546 | |a English or Japanese dialogue; English subtitles. | ||
| 500 | |a Title from container. | ||
| 500 | |a Contains episodes 1-24. | ||
| 521 | 8 | |a Rating: TVPG ; |a 13+. | |
| 520 | |a Tortured by his past and pained by an uncertain future, Tomoya drifts through life with an almost overwhelming anger and emptiness. But when he meets the mysterious, beautiful, and shy Nagisa, his world seems to change. Drawn in by her gentle but lonely spirit, he begins to experience the joy life can bring. But as he discovers the reason for his newfound friend's loneliness, Tomoya also finds that life can be frighteningly fragile. Contains episodes 1-24. | ||
| 500 | |a Special features: Clean opening animation; clean closing animation. | ||
| 500 | |a Videorecording. | ||
| 650 | 0 | |a High school students |v Drama. | |
| 650 | 0 | |a Juvenile delinquents |v Drama. | |
| 650 | 0 | |a Friendship |v Drama. | |
| 650 | 0 | |a Actors |v Drama. | |
| 655 | 7 | |a Animated television programs. |2 lcgft | |
| 655 | 7 | |a Television series. |2 lcgft | |
| 655 | 7 | |a Fiction television programs. |2 lcgft | |
| 700 | 1 | |a Nakayama, Yoshihisa. | |
| 700 | 1 | |a Ishihara, Tatsuya, |d 1966- | |
| 710 | 2 | |a Hikarisaka High School Drama Club. | |
| 710 | 2 | |a Tōkyō Hōsō. | |
| 710 | 2 | |a Sentai Filmworks (Firm) | |
| 994 | |a C0 |b TXA | ||
| 948 | |a cataloged |b h |c 2014/3/4 |d c |e blrosas |f 1:24:37 pm | ||
| 999 | |a MARS | ||
| 999 | f | f | |s 064bee7f-5a75-3e27-83e9-6a9a973b0ea3 |i 451664a4-2ec1-3676-b560-eaef19508b69 |t 0 |
| 952 | f | f | |p bluray |a Texas A&M University |b College Station |c Sterling C. Evans Library |d Evans: Media and Reserves (Annex 1st floor) |t 0 |e PN1992.77.C572 C53 2011 |h Library of Congress classification |i video -- videodisc |m A14842338874 |
| 998 | f | f | |a PN1992.77.C572 C53 2011 |t 0 |l Evans: Media and Reserves (Annex 1st floor) |